| 000 | 01946cam a2200361 a 4500 | ||
|---|---|---|---|
| 003 | EG-GiCUC | ||
| 005 | 20250223030211.0 | ||
| 008 | 100310s2009 ua dh f m 000 0 eng d | ||
| 040 |
_aEG-GiCUC _beng _cEG-GiCUC |
||
| 041 | 0 | _aeng | |
| 049 | _aDeposite | ||
| 097 | _aM.Sc | ||
| 099 | _aCai01.12.05.M.Sc.2009.Sa.A | ||
| 100 | 0 | _aSamah Abdelrazik Mohamed Mohamed | |
| 245 | 1 | 0 |
_aAssessment of effective microorganisms technology for treatment of mycotoxins in municipal sewage water and its impact on Eruca sativa / _cSamah Abdelrazik Mohamed Mohamed ; Supervised Tahany Mohmed Ali Abdelrahmann , Ahmed Kamel Hegazy , Rabab Bostafa Kadry |
| 246 | 1 | 5 | _aتقييم تكنولوجيا الميكروبات المؤثرة فى معالجة السموم الفطرية بمياة الصرف الصحى واثرها على نبات الجرجير |
| 260 |
_aCairo : _bSamah Abdelrazik Mohamed Mohamed , _c2009 |
||
| 300 |
_a121Leaves : _bcharts , facsimiles ; _c30cm |
||
| 502 | _aThesis (M.Sc.) - Cairo University - Faculty of Science - Department of Botany - Microbiology | ||
| 520 | _aWastewater soil and E. sativa samples were collected from six drains located at Giza Egypt . The physicochemical mycological charateristics of wastewater and soil were studied . The mycotoxin accumulations in E. sativa were estimated . It was found that COD, BOD, TSS nitrogen and phosphate content recorded higher values at the six sites . The mycotoxin accumulation in E. sative was relatively high especially aflatoxin | ||
| 530 | _aIssued also as CD | ||
| 653 | 4 | _aEM technology | |
| 653 | 4 | _aMycotoxins | |
| 653 | 4 | _aWastewater | |
| 700 | 0 |
_aAhmed Kamel Hegazy , _eSupervisor |
|
| 700 | 0 |
_aRabab Bostafa Kadry , _eSupervisor |
|
| 700 | 0 |
_aTahany Mohmed Ali Abdelrahmann , _eSupervisor |
|
| 856 | _uhttp://172.23.153.220/th.pdf | ||
| 902 | _a1 | ||
| 905 |
_aFatma _eCataloger |
||
| 905 |
_aNazla _eRevisor |
||
| 942 |
_2ddc _cTH |
||
| 999 |
_c29698 _d29698 |
||